Tecnología de los reactores nucleares
Enregistré dans:
| Auteurs principaux: | , |
|---|---|
| Format: | Livre |
| Langue: | espagnol |
| Publié: |
Bilbao
Urmo
1971
|
| Sujets: | |
| Tags: |
Ajouter un tag
Pas de tags, Soyez le premier à ajouter un tag!
|
MARC
| LEADER | 00000nam a2200000 a 4500 | ||
|---|---|---|---|
| 001 | UCY1180 | ||
| 003 | CL-VaPUC | ||
| 008 | 940823e19710000SP |||||||||||||||||spa|d | ||
| 082 | 0 | 4 | |a 621.483 |b REI |2 21 |
| 100 | 0 | |a Reis, M. Thomas |e author |9 329097 | |
| 700 | 0 | |a Dumez, Pierre |e author |9 329098 | |
| 245 | 1 | 0 | |a Tecnología de los reactores nucleares |
| 300 | |a v | ||
| 942 | |c BK | ||
| 945 | |d 19940823 00:00:00 |a mfernand | ||
| 260 | |a Bilbao |b Urmo |c 1971 | ||
| 500 | |a v.3: Reactores nucleares de uranio natural y agua pesada | ||
| 650 | 7 | |a REACTORES NUCLEARES |2 CL-VaPUC |9 329099 | |
| 583 | |a last modification |c 19940823 00:00:00 |k Rodrigo Vera | ||
| 999 | |c 229963 |d 229961 | ||